Score 0/20 Timer 04:00
1 Play Today
% Correct
The Simpsons
99.6%
Tom & Jerry Series
98%
The Flintstones
95.7%
SpongeBob SquarePants
95.1%
The Smurfs
94.6%
South Park
92.8%
Popeye the Sailor
90.4%
Family Guy
89.9%
The Yogi Bear Show
88.9%
Futurama
88.4%
% Correct
American Dad!
81.6%
Beavis & Butt-Head
81.6%
Bob's Burgers
80.1%
King of the Hill
80%
Pinky & the Brain
72.3%
Dragon Ball Z
70.3%
The Ren & Stimpy Show
69.8%
Adventure Time
69%
Samurai Jack
51%
Invader Zim
40.4%
Remove Ads.
Support Sporcle.
Get the best of Sporcle when you Go Orange. This ad-free experience offers more features, more stats, and more fun while also helping to support Sporcle. Thank you for becoming a member.

You're not logged in!

Compare scores with friends on all Sporcle quizzes.
OR
Log In

Show Comments

Extras

Top Quizzes Today


Score Distribution

Your Account Isn't Verified!

In order to create a playlist on Sporcle, you need to verify the email address you used during registration. Go to your Sporcle Settings to finish the process.

Report this User

Report this user for behavior that violates our Community Guidelines.

Details: